[Event "Sao Sebastiao do Paraiso op 1st"]
[Site "Sao Sebastiao do Paraiso"]
[Date "2017.08.19"]
[Round "4"]
[White "Tamarozi, Isabelle"]
[Black "Batista, Gerson Peres"]
[Result "1/2-1/2"]
[WhiteElo "1937"]
[BlackElo "2154"]
[PlyCount "33"]
[EventDate "2017.08.18"]
[EventType "swiss"]
[EventRounds "6"]
[EventCountry "BRA"]
[SourceTitle "CBM 180 Extra"]
[Source "ChessBase"]
[SourceDate "2017.10.06"]
[SourceVersion "1"]
[SourceVersionDate "2017.10.06"]
[SourceQuality "1"]

1. e4 e5 2. Nf3 Nc6 3. Bb5 f5 4. d3 fxe4 5. dxe4 Nf6 6. 0-0 d6 7. Qd3 Be7 8. Qc4 Bd7 9. Ng5 Rf8 10. Nc3 Nd4 11. Bxd7+ Qxd7 12. Rd1 h6 13. Rxd4 exd4 14. Ne6 dxc3 15. Nxc7+ Kd8 16. Ne6+ Ke8 17. Nc7+ 1/2-1/2

[Event "Sao Sebastiao do Paraiso op 4th"]
[Site "Sao Sebastiao do Paraiso"]
[Date "2016.12.17"]
[Round "2"]
[White "Batista, Gerson Peres"]
[Black "Silva, Rodrigo Ferreira"]
[Result "1-0"]
[WhiteElo "2177"]
[BlackElo "1700"]
[PlyCount "127"]
[EventDate "2016.12.17"]
[EventType "swiss"]
[EventRounds "5"]
[EventCountry "BRA"]
[SourceTitle "CBM 176 Extra"]
[Source "ChessBase"]
[SourceDate "2017.03.02"]
[SourceVersion "1"]
[SourceVersionDate "2017.03.02"]
[SourceQuality "1"]

1. e4 c5 2. c3 Nc6 3. d4 cxd4 4. cxd4 Nf6 5. Nc3 d6 6. Be2 g6 7. Nf3 Bg7 8. 0-0 0-0 9. h3 e5 10. Be3 a6 11. Rc1 h6 12. Qd2 Kh7 13. Rfd1 Qa5 14. a3 exd4 15. Nxd4 Rd8 16. Nb3 Qe5 17. Bb6 Rd7 18. Bf3 Qg5 19. Qxg5 hxg5 20. Rc2 Ne5 21. Be2 Re7 22. Rxd6 Bd7 23. Nc5 Bc6 24. Nd5 Bxd5 25. exd5 Rc8 26. Rd8 Re8 27. Rxe8 Nxe8 28. Bd1 Nd6 29. Nb3 Rxc2 30. Bxc2 Nec4 31. Bc7 Bxb2 32. a4 Ba3 33. Bd8 Kh6 34. Nd4 Bb2 35. Nf3 f6 36. Bb3 Ne5 37. Ne1 Nef7 38. Be7 b5 39. Nd3 Ba3 40. axb5 axb5 41. Bxf6 Ne4 42. Bd4 Ned6 43. Kf1 Nc4 44. Ke2 Nfd6 45. Bc5 Bxc5 46. Nxc5 Kg7 47. Kd3 Kf6 48. Bxc4 Nxc4 49. Kd4 Nd6 50. Ne4+ Nxe4 51. Kxe4 b4 52. Kd4 b3 53. Kc3 Ke5 54. Kxb3 Kxd5 55. Kc3 Ke4 56. Kd2 Kf4 57. Kd3 g4 58. hxg4 Kxg4 59. Ke4 Kg5 60. Ke5 Kg4 61. Kf6 g5 62. Ke5 Kh4 63. Kf5 Kh5 64. g3 1-0

[Event "Guaira op 2nd"]
[Site "Guaira"]
[Date "2016.11.06"]
[Round "6"]
[White "Bonvini, Alberto Tonhati"]
[Black "Batista, Gerson Peres"]
[Result "1/2-1/2"]
[WhiteElo "1885"]
[BlackElo "2168"]
[PlyCount "42"]
[EventDate "2016.11.04"]
[EventType "swiss"]
[EventRounds "6"]
[EventCountry "BRA"]
[SourceTitle "CBM 175 Extra"]
[Source "ChessBase"]
[SourceDate "2016.12.12"]
[SourceVersion "1"]
[SourceVersionDate "2016.12.12"]
[SourceQuality "1"]

1. e4 e5 2. Nf3 Nc6 3. Bb5 f5 4. d4 fxe4 5. Nxe5 Nxe5 6. dxe5 c6 7. Bc4 Qa5+ 8. Nc3 Qxe5 9. 0-0 d5 10. Bb3 Bd6 11. g3 Nf6 12. Bf4 Qe7 13. Bxd6 Qxd6 14. Re1 Bf5 15. Qd4 b6 16. a4 0-0-0 17. a5 Kb7 18. Qd2 Rhe8 19. axb6 axb6 20. Na4 c5 21. Nc3 Ra8 1/2-1/2

[Event "Guaira op 2nd"]
[Site "Guaira"]
[Date "2016.11.05"]
[Round "3"]
[White "Faria, Leonardo Vieira"]
[Black "Batista, Gerson Peres"]
[Result "0-1"]
[WhiteElo "1823"]
[BlackElo "2168"]
[PlyCount "126"]
[EventDate "2016.11.04"]
[EventType "swiss"]
[EventRounds "6"]
[EventCountry "BRA"]
[SourceTitle "CBM 175 Extra"]
[Source "ChessBase"]
[SourceDate "2016.12.12"]
[SourceVersion "1"]
[SourceVersionDate "2016.12.12"]
[SourceQuality "1"]

1. e4 c5 2. Nf3 e6 3. d4 cxd4 4. Nxd4 Nf6 5. Nc3 Nc6 6. Be3 Bb4 7. f3 d5 8. Nxc6 bxc6 9. e5 Nd7 10. f4 0-0 11. Be2 f6 12. exf6 Qxf6 13. Bd2 Qd4 14. a3 Bc5 15. Rf1 Qf6 16. g3 Qh6 17. Rh1 a5 18. Na4 Ba7 19. c3 e5 20. Qc2 exf4 21. Bxf4 g5 22. Bd2 Bf2+ 23. Kd1 Bxg3 24. Bxg5 Qxg5 25. hxg3 Nf6 26. Nc5 Bf5 27. Qd2 Qxg3 28. Qd4 Kh8 29. Rf1 Qg6 30. Kd2 Qg5+ 31. Rf4 Rf7 32. Raf1 Raf8 33. Kd1 Bh3 34. R1f2 Kg8 35. R4f3 Bg4 36. Rf4 h5 37. Bxg4 Nxg4 38. Ne6 Rxf4 39. Rxf4 Rxf4 40. Nxf4 Qf5 41. Ke2 Kf7 42. b4 axb4 43. axb4 h4 44. Nh3 Qe5+ 45. Qxe5 Nxe5 46. Ke3 Ke6 47. Kf4 Nd3+ 48. Kg4 Ke5 49. Ng5 Nf2+ 50. Kxh4 Ne4 51. Nf3+ Kd6 52. Nd4 Nxc3 53. Kg4 Nb5 54. Nc2 d4 55. Kf4 Kd5 56. Kf3 Kc4 57. Ke4 Kc3 58. Ne1 Kxb4 59. Nd3+ Kc3 60. Nc5 Nd6+ 61. Ke5 Nb5 62. Ke4 Kc4 63. Ne6 Nc3+ 0-1

[Event "Guaira op 2nd"]
[Site "Guaira"]
[Date "2016.11.04"]
[Round "1"]
[White "Auriemo, Danielle Ferreira"]
[Black "Batista, Gerson Peres"]
[Result "0-1"]
[WhiteElo "1646"]
[BlackElo "2168"]
[PlyCount "72"]
[EventDate "2016.11.04"]
[EventType "swiss"]
[EventRounds "6"]
[EventCountry "BRA"]
[SourceTitle "CBM 175 Extra"]
[Source "ChessBase"]
[SourceDate "2016.12.12"]
[SourceVersion "1"]
[SourceVersionDate "2016.12.12"]
[SourceQuality "1"]

1. e4 e5 2. Nf3 Nc6 3. Bc4 Nf6 4. 0-0 Nxe4 5. d3 Nf6 6. Nxe5 Nxe5 7. Re1 d5 8. Rxe5+ Be6 9. Bb3 Bd6 10. Re1 0-0 11. Bg5 h6 12. Bh4 c5 13. c3 Re8 14. Nd2 a6 15. h3 Be7 16. Qf3 b5 17. a4 Qd7 18. axb5 axb5 19. Rxa8 Rxa8 20. Nf1 c4 21. dxc4 bxc4 22. Bc2 Ra2 23. Rd1 Qb7 24. Ne3 Qxb2 25. Bxf6 Bxf6 26. Rb1 Ra1 27. Qd1 Rxb1 28. Qxb1 Qxb1+ 29. Bxb1 Bxc3 30. Kf1 Kf8 31. f4 f6 32. f5 Bf7 33. Ba2 Ke7 34. Ke2 Kd6 35. Nc2 d4 36. Na3 Kc5 0-1

[Event "Sao Sebastiao do Paraiso op"]
[Site "Sao Sebastiao do Paraiso"]
[Date "2016.10.22"]
[Round "2"]
[White "Batista, Gerson Peres"]
[Black "Menezes, Jose Eduardo C"]
[Result "1-0"]
[WhiteElo "2183"]
[BlackElo "1918"]
[PlyCount "55"]
[EventDate "2016.10.21"]
[EventType "swiss"]
[EventRounds "5"]
[EventCountry "BRA"]
[SourceTitle "CBM 175 Extra"]
[Source "ChessBase"]
[SourceDate "2016.12.12"]
[SourceVersion "1"]
[SourceVersionDate "2016.12.12"]
[SourceQuality "1"]

1. e4 e5 2. Nf3 Nc6 3. Bb5 a6 4. Ba4 Nf6 5. d4 exd4 6. 0-0 d6 7. Nxd4 Bd7 8. Nxc6 bxc6 9. Nc3 Be7 10. Bf4 Rb8 11. e5 dxe5 12. Bxe5 0-0 13. Qf3 Rb6 14. Rad1 Qc8 15. h3 Bf5 16. Rfe1 Bd8 17. Bd4 Rxb2 18. Bc5 Re8 19. Rxe8+ Nxe8 20. Rxd8 Qxd8 21. Qxf5 Rb8 22. Bxc6 Nd6 23. Qf4 g5 24. Qf3 Nc4 25. Bd5 Ne5 26. Qf5 c6 27. Qxe5 cxd5 28. Nxd5 1-0

[Event "Ilha Comprida Cabeca Memorial U2200"]
[Site "Ilha Comprida"]
[Date "2016.08.20"]
[Round "3.2"]
[White "Pontes, Ailton"]
[Black "Batista, Gerson Peres"]
[Result "0-1"]
[WhiteElo "1981"]
[BlackElo "2171"]
[PlyCount "92"]
[EventDate "2016.08.20"]
[EventType "swiss"]
[EventRounds "6"]
[EventCountry "BRA"]
[SourceTitle "EXT 2022"]
[Source "ChessBase"]
[SourceDate "2021.10.06"]
[SourceVersion "1"]
[SourceVersionDate "2021.10.06"]
[SourceQuality "1"]

1. e4 e5 2. Nf3 Nc6 3. d4 exd4 4. Bc4 Nf6 5. 0-0 Nxe4 6. Bd5 Nf6 7. Bg5 Be7 8. Bb3 0-0 9. Nbd2 h6 10. Bh4 d5 11. h3 Bf5 12. Re1 g5 13. Bg3 Ne4 14. Nxe4 dxe4 15. Nd2 e3 16. fxe3 dxe3 17. Nc4 Bc5 18. Qxd8 Raxd8 19. Bxc7 Rd7 20. Bg3 Re8 21. Kh2 b5 22. Na3 Nd4 23. Nxb5 Nxb5 24. Ba4 a6 25. c4 Rd4 26. b3 Bd7 27. Red1 e2 28. Rxd4 Bxd4 29. Rc1 Be3 30. Rh1 Bd2 31. Be1 Bxe1 32. Rxe1 Re7 33. Kg3 Nd4 34. Bxd7 Rxd7 35. Kf2 Re7 36. Rc1 Kf8 37. Ke1 Re6 38. c5 Rf6 39. Kd2 Rf1 40. Re1 Rxe1 41. Kxe1 f5 42. Kd2 Ke7 43. b4 Kd7 44. a4 Kc6 45. g3 f4 46. gxf4 gxf4 0-1

[Event "Sao Sebastiao do Paraiso Ferias CXSSP I"]
[Site "Sao Sebastiao do Paraiso"]
[Date "2016.07.23"]
[Round "3.1"]
[White "Mendes, Rodrigo Machado"]
[Black "Batista, Gerson Peres"]
[Result "0-1"]
[WhiteElo "1933"]
[BlackElo "2152"]
[PlyCount "198"]
[EventDate "2016.07.22"]
[EventType "swiss"]
[EventRounds "6"]
[EventCountry "BRA"]
[SourceTitle "EXT 2022"]
[Source "ChessBase"]
[SourceDate "2021.10.06"]
[SourceVersion "1"]
[SourceVersionDate "2021.10.06"]
[SourceQuality "1"]

1. d4 Nf6 2. g3 g6 3. Bg2 Bg7 4. Nf3 0-0 5. 0-0 d6 6. b3 c6 7. Bb2 Qa5 8. Qd2 Qh5 9. Qg5 Qxg5 10. Nxg5 h6 11. Nf3 a5 12. Nbd2 Na6 13. Nc4 Nc7 14. Nb6 Ra6 15. Nxc8 Rxc8 16. a4 Rd8 17. Rfd1 d5 18. Ne5 e6 19. Nd3 Bf8 20. Bc1 Ra7 21. Bf4 Na6 22. Bd2 Nb4 23. Nxb4 axb4 24. Bc1 b5 25. Bb2 bxa4 26. Rxa4 Rxa4 27. bxa4 Ra8 28. Ra1 Ra5 29. Bf3 Nd7 30. e4 Nb6 31. exd5 cxd5 32. c3 Rxa4 33. Bd1 Rxa1 34. Bxa1 Nc4 35. cxb4 Bxb4 36. Kf1 Kf8 37. Ke2 Ke7 38. Kd3 Be1 39. f3 h5 40. Ke2 Ba5 41. Bb3 Bb4 42. Kd3 Nd6 43. Bb2 Kf6 44. Bc1 Nf5 45. Bf4 Bd6 46. Bd2 h4 47. g4 Ne7 48. h3 g5 49. Ba4 Ng6 50. Bb3 Bf4 51. Ba5 Ke7 52. Bb4+ Bd6 53. Bd2 f6 54. Ke2 Bh2 55. Bb4+ Kf7 56. Bd2 Bg1 57. Kd3 Bh2 58. Ke2 Bc7 59. Kd3 Bb6 60. Ba4 e5 61. dxe5 Nxe5+ 62. Ke2 Nc4 63. Bc1 Bc7 64. Bb3 Bf4 65. Bxf4 gxf4 66. Kd3 Ne5+ 67. Kd4 Nxf3+ 68. Kxd5 Ng5 69. Kd4+ Kg6 70. Bc2+ Kh6 71. Bf5 Nf7 72. Ke4 Kg5 73. Kf3 Ne5+ 74. Ke4 Nc4 75. Kf3 Ne3 76. Bc8 Nc4 77. Bf5 Ne5+ 78. Ke4 f3 79. Ke3 f2 80. Kxf2 Kf4 81. Bc8 Nf7 82. Bb7 Ne5 83. Bc8 Nd3+ 84. Kg2 Ke3 85. Bb7 Nf4+ 86. Kh2 Kf2 87. Bc8 Nd5 88. Bb7 Ne3 89. Bc8 Nf1+ 90. Kh1 Kg3 91. Bd7 Nd2 92. Kg1 Nf3+ 93. Kf1 Ng5 94. Ke2 Nxh3 95. Ke3 Nf2 96. Bc8 h3 97. Bb7 h2 98. Bf3 h1Q 99. Bxh1 Nxh1 0-1

[Event "Registro Oliveira Memorial"]
[Site "Registro"]
[Date "2016.07.02"]
[Round "3"]
[White "Batista, Gerson Peres"]
[Black "Pontes, Ailton"]
[Result "1-0"]
[WhiteElo "2152"]
[BlackElo "1976"]
[PlyCount "84"]
[EventDate "2016.07.02"]
[EventType "swiss"]
[EventRounds "6"]
[EventCountry "BRA"]
[SourceTitle "EXT 2017"]
[Source "ChessBase"]
[SourceDate "2016.10.25"]
[SourceVersion "1"]
[SourceVersionDate "2016.10.25"]
[SourceQuality "1"]

1. e4 c5 2. c3 d6 3. d4 cxd4 4. cxd4 Nf6 5. Nc3 a6 6. Nf3 Nc6 7. Be2 e6 8. 0-0 Be7 9. Bg5 0-0 10. Rc1 Bd7 11. Re1 Rc8 12. Bd3 Qa5 13. Bb1 Rfd8 14. e5 dxe5 15. dxe5 Be8 16. Qe2 Nd5 17. Qe4 g6 18. Nxd5 Bxg5 19. Nxg5 Rxd5 20. Qh4 Rxe5 21. Qxh7+ Kf8 22. Qh8+ Ke7 23. Ne4 Nd4 24. Qf6+ Kf8 25. Qh8+ Ke7 26. Rcd1 Rd8 27. Qf6+ Kf8 28. Qh8+ Ke7 29. Qf6+ Kf8 30. Nc3 Rxe1+ 31. Rxe1 Kg8 32. h4 Nc6 33. Be4 Rd2 34. Re3 Rxb2 35. Bxc6 Bxc6 36. h5 Qf5 37. Qd8+ Kh7 38. hxg6+ Kg7 39. Qd4+ Kf8 40. g7+ Kg8 41. Qd8+ Kxg7 42. Rg3+ Kh6 1-0

[Event "Catarinense-ch"]
[Site "Tres Barras"]
[Date "2016.06.26"]
[Round "7"]
[White "Batista, Gerson Peres"]
[Black "Matsuura, Everaldo"]
[Result "0-1"]
[WhiteElo "2172"]
[BlackElo "2503"]
[PlyCount "82"]
[EventDate "2016.06.23"]
[EventType "swiss"]
[EventRounds "7"]
[EventCountry "BRA"]
[SourceTitle "EXT 2017"]
[Source "ChessBase"]
[SourceDate "2016.10.25"]
[SourceVersion "1"]
[SourceVersionDate "2016.10.25"]
[SourceQuality "1"]

1. e4 c5 2. Nf3 Nc6 3. c3 d5 4. exd5 Qxd5 5. d4 Bg4 6. Be2 e6 7. h3 Bh5 8. 0-0 Nf6 9. Be3 cxd4 10. cxd4 Be7 11. Nc3 Qd6 12. a3 0-0 13. Qb3 a6 14. Rfd1 Rfd8 15. Qa2 b5 16. b4 Bg6 17. Rac1 Ne4 18. d5 Nxc3 19. Rxc3 exd5 20. Rc5 Be4 21. Nd2 Bf5 22. Nf3 Qg6 23. Rcxd5 Bxh3 24. Rxd8+ Rxd8 25. Rxd8+ Bxd8 26. Bf1 Be6 27. Qa1 Bc7 28. Qd1 Qe4 29. Be2 h6 30. Qc1 Qd5 31. Qc5 Qxc5 32. Bxc5 Ne5 33. Nd2 Bd8 34. f3 f5 35. Kf2 Kf7 36. Bd4 Bg5 37. Nb1 Ke8 38. Bc5 Bc4 39. Nc3 Nd3+ 40. Bxd3 Bxd3 41. Bd4 h5 0-1

[Event "BRA-ch Amateur U2200"]
[Site "Sao Paulo"]
[Date "2016.05.29"]
[Round "7"]
[White "Cadilhac, Igor Tokuichi Kikuc"]
[Black "Batista, Gerson Peres"]
[Result "1/2-1/2"]
[WhiteElo "2129"]
[BlackElo "2175"]
[PlyCount "32"]
[EventDate "2016.05.26"]
[EventType "swiss"]
[EventRounds "7"]
[EventCountry "BRA"]
[SourceTitle "EXT 2018"]
[Source "ChessBase"]
[SourceDate "2017.10.13"]
[SourceVersion "1"]
[SourceVersionDate "2017.10.13"]
[SourceQuality "1"]

1. e4 e5 2. Nf3 Nc6 3. Bb5 f5 4. Nc3 fxe4 5. Nxe4 d5 6. Nxe5 dxe4 7. Nxc6 Qg5 8. Qe2 Nf6 9. f4 Qxf4 10. Ne5+ c6 11. d4 Qh4+ 12. g3 Qh3 13. Bc4 Be6 14. Bg5 0-0-0 15. 0-0-0 Bd6 16. Rhf1 Rhf8 1/2-1/2

[Event "BRA-ch Amateur U2200"]
[Site "Sao Paulo"]
[Date "2016.05.28"]
[Round "5"]
[White "Andrade, Roberto Luiz Costa"]
[Black "Batista, Gerson Peres"]
[Result "0-1"]
[WhiteElo "2120"]
[BlackElo "2175"]
[PlyCount "94"]
[EventDate "2016.05.26"]
[EventType "swiss"]
[EventRounds "7"]
[EventCountry "BRA"]
[SourceTitle "EXT 2018"]
[Source "ChessBase"]
[SourceDate "2017.10.13"]
[SourceVersion "1"]
[SourceVersionDate "2017.10.13"]
[SourceQuality "1"]

1. e4 c5 2. Nf3 e6 3. d4 cxd4 4. Nxd4 Nf6 5. Nc3 Nc6 6. Be3 Bb4 7. Bd3 d5 8. exd5 Nxd5 9. Nxc6 bxc6 10. Bd2 Bxc3 11. bxc3 Qf6 12. 0-0 0-0 13. Qg4 e5 14. Qe4 g6 15. Rfe1 Re8 16. f4 Bf5 17. fxe5 Bxe4 18. exf6 Bxd3 19. cxd3 Nxf6 20. Be3 Nd5 21. Bd4 a6 22. g3 Nc7 23. Be5 Re7 24. Rab1 Rae8 25. Rb6 Rxe5 26. Rxe5 Rxe5 27. Rxc6 Re7 28. d4 Kf8 29. c4 Ke8 30. d5 Kd7 31. Rb6 Re4 32. d6 Ne6 33. Rxa6 Rxc4 34. a4 Nd8 35. a5 Rc6 36. Ra7+ Kxd6 37. a6 Rc7 38. Ra8 Nc6 39. g4 Ra7 40. Rh8 f6 41. Kg2 Nb4 42. h4 Nxa6 43. h5 g5 44. h6 Ke6 45. Kf3 Nc5 46. Ke3 Re7 47. Kf3 Nd7 0-1

[Event "BRA-ch Amateur U2200"]
[Site "Sao Paulo"]
[Date "2016.05.27"]
[Round "4"]
[White "Batista, Gerson Peres"]
[Black "Rodrigues, Tiago Pereira"]
[Result "1-0"]
[WhiteElo "2175"]
[BlackElo "2138"]
[PlyCount "92"]
[EventDate "2016.05.26"]
[EventType "swiss"]
[EventRounds "7"]
[EventCountry "BRA"]
[SourceTitle "EXT 2018"]
[Source "ChessBase"]
[SourceDate "2017.10.13"]
[SourceVersion "1"]
[SourceVersionDate "2017.10.13"]
[SourceQuality "1"]

1. e4 e5 2. Nf3 Nc6 3. Bb5 Nge7 4. c3 a6 5. Ba4 g6 6. 0-0 Bg7 7. d4 exd4 8. cxd4 b5 9. Bb3 0-0 10. Nc3 Na5 11. Bc2 Bb7 12. Bg5 d6 13. Re1 Qd7 14. Rc1 Rfe8 15. Qd3 Rad8 16. d5 f6 17. Bf4 Nc4 18. Bb3 Na5 19. Nd4 Nxb3 20. axb3 c5 21. Ne6 Ra8 22. Qg3 Nc8 23. h4 a5 24. Re3 a4 25. bxa4 bxa4 26. Ra1 Ra6 27. Ree1 Ne7 28. Qd3 Ra5 29. h5 Rb8 30. hxg6 hxg6 31. Qg3 Bc8 32. Bxd6 Rxb2 33. Nxc5 Qa7 34. Rxa4 Rxa4 35. N3xa4 Rb5 36. Bxe7 Qxe7 37. d6 Qf7 38. Qd3 Bd7 39. Nxd7 Qxd7 40. Qc4+ Kh7 41. Rd1 Rb8 42. Nc5 Qc6 43. Qd5 Qc8 44. d7 Qf8 45. Ne6 Qf7 46. d8Q Rxd8 1-0

[Event "Sao Sebastiao do Paraiso CXSSP Etapa 2"]
[Site "Sao Sebastiao do Paraiso"]
[Date "2016.05.15"]
[Round "5.2"]
[White "Kawagoe, Julio Cesar"]
[Black "Batista, Gerson Peres"]
[Result "0-1"]
[WhiteElo "1964"]
[BlackElo "2175"]
[PlyCount "124"]
[EventDate "2016.05.14"]
[EventType "swiss"]
[EventRounds "5"]
[EventCountry "BRA"]
[SourceTitle "EXT 2022"]
[Source "ChessBase"]
[SourceDate "2021.10.06"]
[SourceVersion "1"]
[SourceVersionDate "2021.10.06"]
[SourceQuality "1"]

1. d4 Nf6 2. c4 g6 3. f3 Bg7 4. Nc3 0-0 5. e4 d6 6. Be3 e5 7. Nge2 Nc6 8. Qd2 a6 9. 0-0-0 Rb8 10. d5 Ne7 11. Ng3 Ne8 12. h4 f5 13. exf5 Nxf5 14. Bg5 Nf6 15. Nge4 Nd4 16. h5 Bf5 17. Be2 b5 18. g4 Bxe4 19. Nxe4 Nxe4 20. fxe4 Nxe2+ 21. Kb1 Bf6 22. Bxf6 Qxf6 23. Qxe2 Qf2 24. Qxf2 Rxf2 25. c5 Rbf8 26. hxg6 hxg6 27. cxd6 cxd6 28. Rc1 Rg2 29. Rc6 Rf6 30. Rxa6 Rxg4 31. Ra8+ Kg7 32. Ra7+ Rf7 33. Ra6 Rxe4 34. Rxd6 Rd4 35. Rc1 Rd2 36. Re1 Rff2 37. Ra6 Rxd5 38. Rg1 Rf6 39. Ra5 Rfd6 40. Rg3 Kf6 41. a4 b4 42. Ra8 e4 43. Re3 Rd4 44. a5 Ke5 45. a6 Rd8 46. Rxd8 Rxd8 47. Rg3 Kf5 48. Rb3 Ra8 49. Rxb4 Rxa6 50. Kc2 Rd6 51. Rb8 Kf4 52. Rf8+ Ke3 53. b4 Rc6+ 54. Kb3 Kd2 55. Rd8+ Ke2 56. b5 Rc1 57. Rd5 e3 58. Kb2 Rc8 59. Rg5 Rb8 60. Kc2 Rb6 61. Kc3 Kf2 62. Rg4 e2 0-1

[Event "Sao Sebastiao do Paraiso CXSSP Etapa 2"]
[Site "Sao Sebastiao do Paraiso"]
[Date "2016.05.14"]
[Round "2.1"]
[White "Batista, Gerson Peres"]
[Black "Nascimento, Pedro Henrique Alve"]
[Result "1-0"]
[WhiteElo "2175"]
[BlackElo "1871"]
[PlyCount "135"]
[EventDate "2016.05.14"]
[EventType "swiss"]
[EventRounds "5"]
[EventCountry "BRA"]
[SourceTitle "EXT 2022"]
[Source "ChessBase"]
[SourceDate "2021.10.06"]
[SourceVersion "1"]
[SourceVersionDate "2021.10.06"]
[SourceQuality "1"]

1. e4 e6 2. d4 d5 3. Nc3 Bb4 4. e5 c5 5. Bd2 Bxc3 6. Bxc3 cxd4 7. Qxd4 Ne7 8. Nf3 Nbc6 9. Qg4 Nf5 10. Bd3 h5 11. Qf4 Bd7 12. 0-0-0 g6 13. Bxf5 gxf5 14. Rxd5 Rg8 15. Rd6 Qe7 16. Rhd1 0-0-0 17. g3 Kb8 18. h3 Qe8 19. Qd2 Bc8 20. Rxd8 Qxd8 21. Qe3 Qc7 22. Rd2 b6 23. Qh6 Bb7 24. Qxh5 Rc8 25. Qh4 Ka8 26. Qf4 Qe7 27. Qh4 Qc5 28. Qf4 a5 29. Ne1 Ne7 30. Qd4 Qb5 31. Qd3 Qa4 32. a3 Nd5 33. Bd4 Ka7 34. Kb1 Ba6 35. Qb3 Qc6 36. Qf3 Bb7 37. Qe2 Ba6 38. Qh5 Rc7 39. h4 Qb5 40. Nd3 Qc6 41. Qd1 Qa4 42. c3 Qc6 43. Nc1 Bb5 44. h5 Rc8 45. h6 Rh8 46. Qh5 Qc7 47. f3 Qe7 48. Rh2 Rh7 49. Qh4 Qf8 50. g4 fxg4 51. fxg4 Ne7 52. g5 Ng6 53. Qg3 Qb8 54. Qe3 Qb7 55. Rf2 Bc6 56. b4 Be4+ 57. Kb2 axb4 58. axb4 Bf5 59. Nb3 Rh8 60. Rd2 Rc8 61. b5 Qh1 62. Bxb6+ Kb8 63. Nc1 Qb7 64. Qd4 Ka8 65. Ka1 Kb8 66. Ra2 Qe4 67. Ba7+ Kc7 68. Qd6+ 1-0

[Event "Sao Sebastiao do Paraiso CXSSP Etapa 2"]
[Site "Sao Sebastiao do Paraiso"]
[Date "2016.05.14"]
[Round "1.1"]
[White "Nunes da Silva, Diego"]
[Black "Batista, Gerson Peres"]
[Result "0-1"]
[WhiteElo "1638"]
[BlackElo "2175"]
[PlyCount "88"]
[EventDate "2016.05.14"]
[EventType "swiss"]
[EventRounds "5"]
[EventCountry "BRA"]
[SourceTitle "EXT 2022"]
[Source "ChessBase"]
[SourceDate "2021.10.06"]
[SourceVersion "1"]
[SourceVersionDate "2021.10.06"]
[SourceQuality "1"]

1. e4 c5 2. Nf3 e6 3. d4 cxd4 4. Nxd4 Nf6 5. Nc3 Nc6 6. Bg5 Bb4 7. Nxc6 bxc6 8. e5 Qa5 9. exf6 Qxg5 10. fxg7 Qe5+ 11. Be2 Bxc3+ 12. bxc3 Qxc3+ 13. Kf1 Rg8 14. Rb1 Qxg7 15. g3 d5 16. Kg2 e5 17. Re1 Be6 18. Ba6 Rd8 19. Rb7 Rd7 20. Qb1 f6 21. Rxd7 Qxd7 22. Qb2 Kf7 23. Rb1 Kg6 24. Qb7 Qxb7 25. Rxb7 Rg7 26. Rxg7+ Kxg7 27. Kf3 d4 28. a3 Bd5+ 29. Ke2 c5 30. Kd3 f5 31. c3 e4+ 32. Kd2 Kf6 33. cxd4 cxd4 34. h4 Ke5 35. Bb5 Bf7 36. Be2 h6 37. Bd1 a5 38. Be2 Be6 39. Bh5 Bd7 40. Be2 f4 41. Bd1 fxg3 42. fxg3 e3+ 43. Ke2 Bg4+ 44. Ke1 Bxd1 0-1

[Event "Sao Paulo Freitas op 2nd"]
[Site "Sao Paulo"]
[Date "2016.04.17"]
[Round "6"]
[White "Minetto, Adriano"]
[Black "Batista, Gerson Peres"]
[Result "0-1"]
[WhiteElo "2017"]
[BlackElo "2193"]
[PlyCount "68"]
[EventDate "2016.04.15"]
[EventType "swiss"]
[EventRounds "6"]
[EventCountry "BRA"]
[SourceTitle "EXT 2017"]
[Source "ChessBase"]
[SourceDate "2016.10.25"]
[SourceVersion "1"]
[SourceVersionDate "2016.10.25"]
[SourceQuality "1"]

1. e4 e5 2. Nf3 Nc6 3. Bb5 f5 4. Nc3 fxe4 5. Nxe4 d5 6. Nxe5 dxe4 7. Qh5+ g6 8. Nxg6 hxg6 9. Qxh8 Qf6 10. Qxf6 Nxf6 11. Bxc6+ bxc6 12. 0-0 Bf5 13. d3 exd3 14. cxd3 0-0-0 15. Bg5 Bg7 16. Rfe1 Rxd3 17. Re7 Nh5 18. h3 Bd4 19. Re8+ Kb7 20. Rd8 Ng7 21. Rg8 Be6 22. Rd8 Bd5 23. Be3 Bxe3 24. fxe3 Rxe3 25. Rf1 Nf5 26. a4 Rb3 27. Rf2 a5 28. g4 Rxh3 29. Rxd5 cxd5 30. gxf5 gxf5 31. Rxf5 c6 32. Rf8 Rb3 33. Rf7+ Ka6 34. Rc7 Kb6 0-1

[Event "Sao Paulo Freitas op 2nd"]
[Site "Sao Paulo"]
[Date "2016.04.16"]
[Round "3"]
[White "Batista, Gerson Peres"]
[Black "Librelato, Kathie Goulart"]
[Result "0-1"]
[WhiteElo "2193"]
[BlackElo "1942"]
[PlyCount "44"]
[EventDate "2016.04.15"]
[EventType "swiss"]
[EventRounds "6"]
[EventCountry "BRA"]
[SourceTitle "CBM 171 Extra"]
[Source "ChessBase"]
[SourceDate "2016.04.26"]
[SourceVersion "1"]
[SourceVersionDate "2016.04.26"]
[SourceQuality "1"]

1. e4 e5 2. Nf3 Nc6 3. d4 exd4 4. Nxd4 Nf6 5. Nxc6 bxc6 6. e5 Qe7 7. Qe2 Nd5 8. Nd2 Qe6 9. c4 Nb6 10. g3 a5 11. h4 Bb4 12. a3 Bxd2+ 13. Bxd2 Ba6 14. Rc1 0-0 15. Bh3 f5 16. b3 a4 17. Bb4 Rfe8 18. 0-0 axb3 19. Rfd1 Bxc4 20. Qf3 g6 21. Bf1 Bd5 22. Qd3 b2 0-1

[Event "Sao Paulo Freitas op 2nd"]
[Site "Sao Paulo"]
[Date "2016.04.16"]
[Round "4"]
[White "Nobre, Jailson Altair Barb"]
[Black "Batista, Gerson Peres"]
[Result "0-1"]
[WhiteElo "1715"]
[BlackElo "2193"]
[PlyCount "88"]
[EventDate "2016.04.15"]
[EventType "swiss"]
[EventRounds "6"]
[EventCountry "BRA"]
[SourceTitle "CBM 171 Extra"]
[Source "ChessBase"]
[SourceDate "2016.04.26"]
[SourceVersion "1"]
[SourceVersionDate "2016.04.26"]
[SourceQuality "1"]

1. c4 c5 2. Nc3 Nc6 3. Nf3 e5 4. g3 d6 5. Bg2 g6 6. 0-0 Bg7 7. a3 a5 8. Rb1 Nge7 9. Ne1 0-0 10. Nc2 Be6 11. d3 d5 12. cxd5 Nxd5 13. Ne3 Nde7 14. Ne4 b6 15. Ng5 Bd7 16. Nc4 h6 17. Ne4 Be6 18. Be3 Rb8 19. a4 Nb4 20. Ned6 Nbd5 21. Bd2 Qd7 22. Nb5 Bh3 23. Rc1 Bxg2 24. Kxg2 f5 25. Qb3 Kh7 26. Ncd6 Qc6 27. e4 Nc7 28. f3 Nxb5 29. Nxb5 Rbd8 30. Be3 Rd7 31. Rfd1 Qf6 32. Rf1 Rfd8 33. Rcd1 Nc6 34. Rd2 Nb4 35. Rfd1 Rf8 36. Rf2 Rfd8 37. Rfd2 g5 38. g4 fxg4 39. fxg4 Qc6 40. Bf2 Nxd3 41. Kg3 c4 42. Qc3 Qxe4 43. Bxb6 Qf4+ 44. Kg2 Qxg4+ 0-1

[Event "Sao Paulo op-A U2300 4th"]
[Site "Sao Paulo"]
[Date "2016.03.27"]
[Round "6"]
[White "Batista, Gerson Peres"]
[Black "Carstens Dobuchak, Thiago"]
[Result "1/2-1/2"]
[WhiteElo "2209"]
[BlackElo "2157"]
[PlyCount "46"]
[EventDate "2016.03.24"]
[EventType "swiss"]
[EventRounds "7"]
[EventCountry "BRA"]
[SourceTitle "CBM 171 Extra"]
[Source "ChessBase"]
[SourceDate "2016.04.26"]
[SourceVersion "1"]
[SourceVersionDate "2016.04.26"]
[SourceQuality "1"]

1. e4 c5 2. c3 Nf6 3. e5 Nd5 4. d4 cxd4 5. Nf3 Nc6 6. Bc4 Nb6 7. Bb3 d5 8. exd6 Qxd6 9. 0-0 Be6 10. Bxe6 Qxe6 11. Nxd4 Nxd4 12. Qxd4 Rd8 13. Qh4 g6 14. Na3 Bg7 15. Bg5 f6 16. Be3 0-0 17. Rfe1 Rfe8 18. Qb4 Bf8 19. Nb5 Nd5 20. Qb3 a6 21. Nd4 Qd7 22. Rad1 e5 23. Nc2 Qf7 1/2-1/2